1967-68 මුදල් වර්ෂය සඳහා විසර්ජන ගිණුම් සම්බන්ධයෙන් වු විගණකාධිපතිගේ වාර්තාව හය වැනි පාර්ලිමේන්තුවේ 1969-70 පස්වැනි සැසිවාරයේ අංක 46 දරණ පාර්ලිමේන්තු ප්රකාශන මාලාවේ පළ වු රාජ්ය ගිණුම් කාරක සභාවේ පළමු වැනි වාර්තාව ගැන භාණ්ඩාගාර සටහන් (Record no. 44040)
[ view plain ]
| 000 -LEADER | |
|---|---|
| fixed length control field | 01197nam a2200157Ia 4500 |
| 008 - FIXED-LENGTH DATA ELEMENTS--GENERAL INFORMATION | |
| fixed length control field | 180921t1975 xxu||||| ||||o00| 0 eng d |
| 041 ## - LANGUAGE CODE | |
| Language code of text/sound track or separate title | English |
| 942 ## - ADDED ENTRY ELEMENTS (KOHA) | |
| Koha item type | Books |
| 003 - CONTROL NUMBER IDENTIFIER | |
| control field | LK-CoDNM |
| 040 ## - CATALOGING SOURCE | |
| Original cataloging agency | LK-CoDNM |
| Modifying agency | LK-CoDNM |
| Description conventions | LK-CoDNM |
| 245 ## - TITLE STATEMENT | |
| Title | 1967-68 මුදල් වර්ෂය සඳහා විසර්ජන ගිණුම් සම්බන්ධයෙන් වු විගණකාධිපතිගේ වාර්තාව හය වැනි පාර්ලිමේන්තුවේ 1969-70 පස්වැනි සැසිවාරයේ අංක 46 දරණ පාර්ලිමේන්තු ප්රකාශන මාලාවේ පළ වු රාජ්ය ගිණුම් කාරක සභාවේ පළමු වැනි වාර්තාව ගැන භාණ්ඩාගාර සටහන් |
| 246 ## - VARYING FORM OF TITLE | |
| Title proper/short title | 1967-68 Mudal Warshaya Sadaha Wisarjana Ginum Sambandayen Wu Viganakadhipathige Varthawa Pilibadawa Hayawani Parlimenthuwe 1969-70 Paswani Sasiwarye Anka 46 Darna Parlimenthu Prakashana Malawe Pala Wu Rajjya Ginum Karaka Sabawe Palamu Wani Warthawa Gana B |
| 260 ## - PUBLICATION, DISTRIBUTION, ETC. (IMPRINT) | |
| Date of publication, distribution, etc. | 1975 |
| 300 ## - PHYSICAL DESCRIPTION | |
| Extent | p.6-72, 27 cm |
| 500 ## - GENERAL NOTE | |
| General note | Sessional Paper ix-1975 |
| Withdrawn status | Lost status | Damaged status | Not for loan | Collection code | Permanent Location | Current Location | Date acquired | Koha item type |
|---|---|---|---|---|---|---|---|---|
| Government Publications | Library National Museum Colombo - Sri Lanka | Library National Museum Colombo - Sri Lanka | 2014-01-09 | Books |


